<?xml version="1.0" encoding="UTF-8"?>
<record
    xmlns:xsi="http://www.w3.org/2001/XMLSchema-instance"
    xsi:schemaLocation="http://www.loc.gov/MARC21/slim http://www.loc.gov/standards/marcxml/schema/MARC21slim.xsd"
    xmlns="http://www.loc.gov/MARC21/slim">

  <leader>01110nam a2200241 i 4500</leader>
  <datafield tag="999" ind1=" " ind2=" ">
    <subfield code="c">7846</subfield>
    <subfield code="d">7846</subfield>
  </datafield>
  <controlfield tag="001">991058478168306706</controlfield>
  <controlfield tag="003">OSt</controlfield>
  <controlfield tag="005">20240109170607.0</controlfield>
  <controlfield tag="006">m     o  d |      </controlfield>
  <controlfield tag="007">cr |||||||||||</controlfield>
  <controlfield tag="008">201029s2019    sp a    ob    000 0 spa d</controlfield>
  <datafield tag="040" ind1=" " ind2=" ">
    <subfield code="a">CDMR</subfield>
    <subfield code="c">CDMR</subfield>
    <subfield code="b">cat</subfield>
  </datafield>
  <datafield tag="245" ind1="1" ind2="0">
    <subfield code="a">La paritat a la r&#xE0;dio i la televisi&#xF3; </subfield>
    <subfield code="b">: (Generaci&#xF3; d&#x2019;indicadors, perfils i categories i tipologies de significaci&#xF3;) : informe de resultats globals [recurs electr&#xF2;nic] /</subfield>
    <subfield code="c">Consell de l'Audiovisual de Catalunya ; [direcci&#xF3;: S&#xED;lvia C&#xF3;ppulo ; tractament estad&#xED;stic i sociol&#xF2;gic: Dr. Francesc-Xavier Altarriba]</subfield>
  </datafield>
  <datafield tag="260" ind1=" " ind2=" ">
    <subfield code="a">[S.l. : </subfield>
    <subfield code="b">s.n., </subfield>
    <subfield code="c">2008]</subfield>
  </datafield>
  <datafield tag="300" ind1=" " ind2=" ">
    <subfield code="a">1 recurs electr&#xF2;nic (212 p&#xE0;gines)</subfield>
  </datafield>
  <datafield tag="650" ind1=" " ind2="0">
    <subfield code="a">Mitjans de comunicaci&#xF3; de massa i dones</subfield>
    <subfield code="9">3818</subfield>
    <subfield code="z">Catalunya</subfield>
  </datafield>
  <datafield tag="650" ind1=" " ind2="0">
    <subfield code="a">Dones en el periodisme</subfield>
    <subfield code="9">4233</subfield>
    <subfield code="z">Catalunya</subfield>
  </datafield>
  <datafield tag="650" ind1=" " ind2="0">
    <subfield code="a">Dones periodistes</subfield>
    <subfield code="9">2913</subfield>
    <subfield code="z">Catalunya</subfield>
  </datafield>
  <datafield tag="700" ind1="1" ind2=" ">
    <subfield code="9">2995</subfield>
    <subfield code="a">C&#xF3;ppulo, S&#xED;lvia</subfield>
  </datafield>
  <datafield tag="710" ind1="1" ind2=" ">
    <subfield code="9">828</subfield>
    <subfield code="a">Consell de l'Audiovisual de Catalunya</subfield>
  </datafield>
  <datafield tag="856" ind1=" " ind2=" ">
    <subfield code="z">Acc&#xE9;s en l&#xED;nia</subfield>
    <subfield code="u">https://www.cac.cat/sites/default/files/2017-11/Informe_Paritat.pdf</subfield>
  </datafield>
  <datafield tag="942" ind1=" " ind2=" ">
    <subfield code="2">udc</subfield>
    <subfield code="c">LLIBRE-E</subfield>
  </datafield>
  <datafield tag="952" ind1=" " ind2=" ">
    <subfield code="0">0</subfield>
    <subfield code="1">0</subfield>
    <subfield code="4">0</subfield>
    <subfield code="7">0</subfield>
    <subfield code="a">CDMR</subfield>
    <subfield code="b">CDMR</subfield>
    <subfield code="d">2024-01-09</subfield>
    <subfield code="e">Donaci&#xF3;</subfield>
    <subfield code="l">0</subfield>
    <subfield code="o">Disponible en l&#xED;nia</subfield>
    <subfield code="p">CDMR24010006</subfield>
    <subfield code="r">2024-01-09</subfield>
    <subfield code="w">2024-01-09</subfield>
    <subfield code="y">LLIBRE-E</subfield>
  </datafield>
</record>
